00346cam a22001217a 4500008004000000020001800040082001500058100001300073245008100086260002600167300001000193650002100203180718b2007 xxu||||| |||| 00| 0 eng d a9780275994709 aI2196 Su71 aSun, Ted aSurvival tactics : the top 11 behaviors of successful entrepreneurscTed Sun aLondonbPraegerc2007 a198p. aEntrepreneurship